| Поле | Инд. | ПП | Название | Значение |
|---|---|---|---|---|
| Тип записи | a | |||
| Библиографический уровень | m | |||
| 001 | Контрольный номер | 063de710-ebef-4cc0-b29e-70ac968ff0c6 | ||
| 005 | Дата корректировки | 20140703130144.7 | ||
| 008 | Кодируемые данные | 040526 | ||
| 020 | a | ISBN | 5-7677-0679-4 | |
| c | Цена, тираж | 41.00 | ||
| 040 | a | Служба первич. каталог. | НБ ТвГУ | |
| 041 | a | Код языка текста | rus | |
| 080 | a | Индекс УДК | 332.1(470) | |
| 084 | a | Индекс другой классификации/Индекс ББК | У049(2Рос)6 | |
| a | Индекс другой классификации/Индекс ББК | У9(2Рос)0-18 | ||
| 090 | x | Авторский знак | С83 | |
| a | Полочн. индекс | У049(2) | ||
| 245 | 10 | a | Заглавие | Стратегические направления социально-экономической политики в регионах Российской Федерации |
| b | Продолж. заглавия | науч. тр. докторантов, аспирантов и соискателей | ||
| c | Ответственность | М-во образования Рос. Федерации, Чуваш. гос. ун-т им. И. Н. Ульянова; [под ред. Л. П. Куракова] | ||
| 260 | 0_ | a | Место издания | Чебоксары |
| b | Издательство | Чувашский гос. ун-т | ||
| c | Дата издания | 2003 | ||
| 300 | a | Объем | 199,[1] с. | |
| b | Иллюстрации/ тип воспроизводства | ил., табл. | ||
| 504 | a | Библиография | Библиогр. в конце ст. | |
| 583 | a | Действие | Получение впервые 244 26.05.2004 | |
| k | Исполнитель действия | обмен | ||
| 650 | a | Основная рубрика | Региональная экономика | |
| x | Основная подрубрика | Планирование стратегическое | ||
| z | Географическая подрубрика | Российская Федерация | ||
| 650 | a | Основная рубрика | Региональная политика | |
| 653 | a | Ключевые слова | Региональная экономика | |
| a | Ключевые слова | Региональная политика | ||
| a | Ключевые слова | Регионы России | ||
| a | Ключевые слова | Социально-экономическое развитие регионов | ||
| a | Ключевые слова | Планирование развития регионов | ||
| a | Ключевые слова | Стратегическое планирование | ||
| 700 | 1_ | a | Другие авторы | Кураков Лев Пантелеймонович |
| e | Роль лиц | ред. | ||
| 852 | t | Порядковый номер экземпляра | 1 | |
| p | Инвентарный номер | 785458 | ||
| 863 | t | 00025037 | ||
| 888 | a | бесплатно | ||
| 952 | p | 244.2004 41.00 1 785458 | ||
| c | Вид литературы | К рн | ||
| 954 | a | Дата поступления на обработку | 20040831 | |
| 999 | a | Подразделение 2 | Фил1 |